| 000 | 00967nam a2200265Ia 4500 | ||
|---|---|---|---|
| 003 | OSt | ||
| 005 | 20221005111858.0 | ||
| 006 | a|||||r|||| 00| 0 | ||
| 007 | ta | ||
| 008 | 221004b |||||||| |||| 00| 0 hin d | ||
| 024 | _a33075 | ||
| 037 | _cTextual | ||
| 040 |
_aCRL _cCRL _bhin |
||
| 041 |
_2hin _ahin |
||
| 082 | _aR:(S:55), M6 | ||
| 100 | _aसिंह, लक्ष्मीश्वर प्रसाद | ||
| 245 | 0 | _aभारतीय दर्शनों में कामतत्व | |
| 246 | _aBhāratīya darshanoan mean kāmatatva | ||
| 260 |
_aवाराणसी _bकिशोर विद्या निकेतन भारत _c1986 |
||
| 300 |
_a265पृ. _ccm. |
||
| 650 | _a हिन्दी साहित्य | ||
| 650 | _aधर्म दर्शन | ||
| 942 |
_hR:(S:55), M6 _cTEXL _2cc |
||
| 999 |
_c1023169 _d1023169 |
||